| 000 | 00883cam a22003013a 4500 | ||
|---|---|---|---|
| 001 | 29229 | ||
| 003 | PGUSA | ||
| 005 | 20140828083631.0 | ||
| 008 | 090626s2009||||xxu|||||s|||||000 | eng d | ||
| 040 |
_aPGUSA _beng |
||
| 042 | _adc | ||
| 050 | 4 | _aPS | |
| 100 | 1 |
_aDunlap, William, _d1766-1839 |
|
| 245 | 1 | 0 |
_aAndré _h[electronic resource] / _cWilliam Dunlap |
| 260 |
_bProject Gutenberg, _c2009 |
||
| 506 | _aPublic domain in the USA. | ||
| 516 | _aElectronic text | ||
| 653 | _aAmerican drama | ||
| 653 | _aEspionage, British -- Drama | ||
| 653 | _aTragedies | ||
| 653 | _aSpies -- Drama | ||
| 653 | _aAndré, John, 1751-1780 -- Drama | ||
| 653 | _aUnited States -- History -- Revolution, 1775-1783 -- Drama | ||
| 700 | 1 |
_aMoses, Montrose Jonas, _d1878-1934 |
|
| 830 | 0 |
_aProject Gutenberg _v29229 |
|
| 856 | 4 | 0 | _uhttp://www.gutenberg.org/ebooks/29229 |
| 942 | _cEB | ||
| 999 |
_c258484 _d258484 |
||